| 000 | 01098cam a2200313Ia 4500 | ||
|---|---|---|---|
| 999 |
_c6680 _d6680 |
||
| 001 | 9382 | ||
| 003 | GBCCL | ||
| 005 | 20241126110608.0 | ||
| 008 | 740124s1944 pauabf d 00010 eng | ||
| 010 | _a 44008645 | ||
| 035 | _aOCM00781774 | ||
| 040 |
_aDLC _cKEN _dm.c. _dOCL _dLBB |
||
| 049 | _aLBBK | ||
| 050 | 0 |
_aBS440 _b.D3 1944 |
|
| 082 | 0 |
_a220.3 _bDAV |
|
| 092 |
_a220.3 _bD262, 1944 |
||
| 100 | 1 |
_aDavis, John D., _d1854-1926. _911936 |
|
| 245 | 1 | 4 |
_aThe Westminster dictionary of the Bible / _cby John D. Davis. |
| 250 |
_aRevised and rewritten / _bby Henry Snyder Gehman. |
||
| 260 |
_aPhiladelphia : _bWestminster Press, _cc1944. |
||
| 300 |
_axii, 658 p.,[2 p1s.], 4 p., [1 p1s.], [16] p. of plates : _bill., 16 maps (some col.) ; _c24 cm. |
||
| 440 | 0 |
_aWestminster aids to the study of the Scriptures _91980 |
|
| 500 | _aPreviously published under title: A dictionary of the Bible. | ||
| 630 | 0 | 0 |
_aBible _xDictionaries. _9510 |
| 700 | 1 |
_aGehman, Henry Snyder, _d1888- _911937 |
|
| 740 | 0 | _aDictionary of the Bible. | |
| 740 | 0 | _aDavis dictionary of the Bible. | |
| 942 |
_2ddc _cREF |
||